| 000 | 00669nam a2200193Ii 4500 | ||
|---|---|---|---|
| 003 | JO-AjNU | ||
| 008 | 230605s9999||||xx |||||||||||||| ||und|| | ||
| 040 |
_aJO-AjNU _bara _erda _cJO-AjNU |
||
| 041 | _aara | ||
| 050 | 1 | 4 | _a1000/1994 |
| 100 | 3 |
_aكالوسنيك، أ. ن. ؛ ترجمة شيا، سميح, _eauthor _935625 |
|
| 245 | 0 | 0 | _aالأساطير والحقائق عن عائلة ستالين |
| 264 | 3 | 1 | _aدمشق: دار علاء للنشر والتوزيع، 1994 |
| 300 | _a136ص | ||
| 336 |
_atext _btxt _2rdacontent |
||
| 337 |
_aunmediated _bn _2rdamedia |
||
| 338 |
_avolume _bnc _2rdacarrier |
||
| 650 | 4 |
_aعائلة ستالين-تاريخ _935626 |
|
| 999 |
_aA14726 _c18294 _d18294 |
||